000 00568nam a2200205 a 4500
001 31140
005 20180713234510.0
008 140415s1982 mx 000 0 spa d
020 _a9684342179
041 _aspa
082 _a869
_bBAN
100 1 _aBANDEIRA, MANUEL
245 1 0 _aEVOCACION A RECIFE Y OTROS POEMAS
250 _a1a ed.
260 _aMEXICO :
_bPREMIA EDITORA DE LIBROS,
_c1982
300 _a54
490 _aLIBROS DEL BICHO
_v39
650 1 4 _aLITERATURA PORTUGUESA
_xPOESIA PORTUGUESA
700 1 _aMARTINEZ TORRES, JOSE
_etr.
999 _c31140
_d31140